[Event "EU-ch blitz"]
[Site "Panormo"]
[Date "2002.10.02"]
[Round "4"]
[White "Milov, Vadim"]
[Black "Ehlvest, Jaan"]
[Result "1-0"]
[WhiteElo "2620"]
[BlackElo "2600"]
[PlyCount "73"]
[EventDate "2002.10.02"]
[EventType "tourn (blitz)"]
[EventRounds "38"]
[EventCountry "GRE"]
[SourceTitle "CBM 090 Extra"]
[Source "ChessBase"]
[SourceDate "2002.11.07"]
[SourceVersion "1"]
[SourceVersionDate "2002.11.07"]
[SourceQuality "1"]

1. d4 Nf6 2. Bg5 e6 3. e4 h6 4. Bxf6 Qxf6 5. c3 g6 6. Bd3 Bg7 7. Ne2 d6 8. O-O
Nc6 9. f4 Qe7 10. Nd2 O-O 11. Qe1 e5 12. d5 Nb8 13. f5 Nd7 14. Ng3 Nf6 15. Nf3
c6 16. dxc6 bxc6 17. Rd1 Bb7 18. Bc4 d5 19. Bb3 Rfe8 20. fxg6 fxg6 21. Qe2 Kh7
22. h3 a5 23. Qe3 a4 24. Bc2 Ba6 25. Rf2 a3 26. b3 Rad8 27. Nh4 Nxe4 28. Nxg6
Qg5 29. Qxg5 hxg5 30. Nxe4 dxe4 31. Rxd8 Rxd8 32. Bxe4 Kh6 33. Ne7 Rd1+ 34. Kh2
Re1 35. Ng8+ Kh5 36. g4+ Kh4 37. Ne7 1-0

[Event "FRA-chT2b 0304"]
[Site "France"]
[Date "2004.03.14"]
[Round "9"]
[White "Milov, Vadim"]
[Black "Kotronias, Vasilios"]
[Result "1-0"]
[WhiteElo "2632"]
[BlackElo "2598"]
[Annotator "Milov,V"]
[PlyCount "91"]
[EventDate "2003.10.??"]
[EventType "team"]
[EventRounds "11"]
[EventCountry "FRA"]
[SourceTitle "EXT 2005"]
[Source "ChessBase"]
[SourceDate "2004.11.15"]
[SourceVersion "1"]
[SourceVersionDate "2004.11.15"]
[SourceQuality "1"]

1. d4 Nf6 2. Bg5 Ne4 3. Bf4 c5 4. f3 Qa5+ 5. c3 Nf6 6. Nd2 cxd4 7. Nb3 Qb6 8.
Qxd4 Nc6 9. Qxb6 axb6 10. Nd4 e5 11. Nxc6 dxc6 12. Bxe5 b5 13. e4 Be6 14. Ne2
$1 $146 (14. a3 b4 15. cxb4 Bxb4+ 16. Kf2 (16. Ke2 O-O $36) 16... Bc5+ $44 17.
Kg3 $4 (17. Ke1) 17... Nh5+ 18. Kh4 Be7+ 19. Kxh5 Ra5 $1 20. f4 Rxe5+ $3 21.
fxe5 h6 {/\22...g6}) 14... Nd7 15. Bg3 Rxa2 16. Rxa2 Bxa2 17. Nd4 $14 Nc5 18.
Kd2 (18. b4 Ne6 19. Nf5 Kd7 20. Be2 g6 21. Be5 Rg8 22. Ne3 Bd6 23. Bxd6 Kxd6
24. Kf2 Ra8 $11) (18. Be2 Nb3 (18... Na4 19. Kd2)) 18... Nb3+ 19. Kc2 Na1+ $1
20. Kd3 Nb3 $1 21. Be2 Bc5 (21... Nxd4 22. Kxd4) 22. Rd1 $6 (22. Nf5 $142 O-O
23. Rd1 Rd8+ 24. Kc2 Rxd1 25. Kxd1 Kf8 26. Nd6 b6 27. Nb7 $14 (27. Nc8 Ke8)
27... Be3 $140 28. Nd8 Na5 29. b4) (22. Bd1 Nxd4 23. cxd4 Bc4+ 24. Kc3 Bb6 $11)
22... Nxd4 23. cxd4 Bc4+ 24. Ke3 Bxe2 25. Kxe2 Bb6 $11 26. Bd6 (26. d5 Ke7)
26... Kd7 27. Bc5 Bc7 (27... Bxc5 28. dxc5+ Kc7 29. Ra1 $14) 28. g3 b6 29. Bb4
Ra8 30. Kd3 h5 31. f4 Bd6 32. Bc3 g6 33. d5 cxd5 (33... c5 34. Bf6 c4+ 35. Kc3
Ra4 36. e5 Bb4+ 37. Kc2 Bc5 $13) 34. exd5 h4 35. Bf6 (35. gxh4 Ra4 36. Bd4 Bc5
37. Be5 f6 38. Bxf6 Rxf4 39. Be5 Rxh4 40. Ra1 Rh3+ 41. Bg3 Bd6 42. Ra7+ Ke8 $11
) 35... hxg3 $2 $138 (35... h3 36. Ke4 (36. Rc1 Ra4 37. Bd4 Ra2 $11) 36... Rc8
37. Rd2 (37. Kf3 Rc2 38. Rh1 Be7) 37... Bb4 $11 38. Re2 Re8+ 39. Kf3 Rxe2 40.
Kxe2 Kd6 41. Kf3 Kxd5 42. Kg4 Ke4 43. Kxh3 Kf3 44. Kh4 Kg2) 36. hxg3 Ra4 37.
Rh1 Be7 38. Be5 f6 39. Bc3 b4 40. Bd4 Kd6 41. Re1 $1 $18 Bd8 42. Bxf6 Bxf6 43.
Re6+ Kxd5 44. Rxf6 Ra2 45. Kc2 g5 46. Kb3 1-0

[Event "Wch Blitz 8th"]
[Site "Dubai"]
[Date "2014.06.19"]
[Round "10"]
[White "Milov, Vadim"]
[Black "Salgado Lopez, Ivan"]
[Result "1-0"]
[WhiteElo "2622"]
[BlackElo "2622"]
[PlyCount "69"]
[EventDate "2014.06.19"]
[EventType "swiss (blitz)"]
[EventRounds "21"]
[EventCountry "UAE"]
[SourceTitle "CBM 160 Extra"]
[Source "ChessBase"]
[SourceDate "2014.07.01"]
[SourceVersion "1"]
[SourceVersionDate "2014.07.01"]
[SourceQuality "1"]

1. d4 Nf6 2. Bg5 c5 3. Bxf6 gxf6 4. d5 Qb6 5. Qc1 f5 6. c3 Bg7 7. e3 d6 8. Qd2
Nd7 9. Nh3 Nf6 10. Nf4 e5 11. dxe6 fxe6 12. Be2 Bd7 13. O-O O-O-O 14. a4 a6 15.
a5 Qc7 16. c4 Ne4 17. Qc2 Be5 18. Nd3 Bf6 19. Nd2 Bc6 20. Nf4 Rhg8 21. g3 Nxd2
22. Qxd2 Qf7 23. Rab1 h5 24. b4 cxb4 25. Rxb4 h4 26. Rb6 hxg3 27. fxg3 Be5 28.
Rfb1 Bxf4 29. exf4 Be4 30. Bd3 Bc6 31. Rxc6+ bxc6 32. Rb6 Qg7 33. Bf1 c5 34.
Qc1 Qd4+ 35. Kh1 1-0

[Event "Wch Blitz 8th"]
[Site "Dubai"]
[Date "2014.06.20"]
[Round "12"]
[White "Milov, Vadim"]
[Black "Yu, Yangyi"]
[Result "1-0"]
[WhiteElo "2622"]
[BlackElo "2675"]
[PlyCount "133"]
[EventDate "2014.06.19"]
[EventType "swiss (blitz)"]
[EventRounds "21"]
[EventCountry "UAE"]
[SourceTitle "CBM 160 Extra"]
[Source "ChessBase"]
[SourceDate "2014.07.01"]
[SourceVersion "1"]
[SourceVersionDate "2014.07.01"]
[SourceQuality "1"]

1. d4 Nf6 2. Bg5 e6 3. e4 h6 4. Bxf6 Qxf6 5. c3 d5 6. e5 Qd8 7. f4 c5 8. Nf3
Qb6 9. Qd2 Nc6 10. Be2 Be7 11. O-O Bd7 12. Kh1 Rc8 13. Na3 O-O 14. Nb5 Nxe5 15.
Nxe5 Bxb5 16. Bxb5 Qxb5 17. f5 exf5 18. Rxf5 cxd4 19. cxd4 Rc7 20. h3 Bd6 21.
Raf1 Bxe5 22. dxe5 Qc6 23. Qf4 Qe6 24. Rf6 Qe7 25. Qg3 Rc6 26. Rd6 Rd8 27.
Rxd8+ Qxd8 28. Qf3 Qd7 29. Rd1 Rc5 30. b4 Rb5 31. a4 Rxb4 32. Rxd5 Rb1+ 33. Kh2
Qc7 34. Qd3 Rc1 35. Rd8+ Qxd8 36. Qxd8+ Kh7 37. Qd7 Rc5 38. Qxb7 a5 39. Qe4+
Kg8 40. Qd4 Rc8 41. Qd7 Rc5 42. Qd4 Rc8 43. Qb6 Ra8 44. Qc6 Rd8 45. Qc7 Rd5 46.
Qb7 Rd8 47. Qb5 Ra8 48. Kg3 g6 49. h4 h5 50. Kf4 Kg7 51. Kg5 Rd8 52. Qc5 Rd3
53. Kf4 Rd2 54. Qxa5 Rxg2 55. Kf3 Rg4 56. Qb5 Rxh4 57. a5 Rh3+ 58. Kg2 Ra3 59.
a6 Ra2+ 60. Kg3 Ra3+ 61. Kf2 Ra2+ 62. Ke3 Ra3+ 63. Kd4 h4 64. Qb7 Ra4+ 65. Kc5
g5 66. a7 g4 67. a8=Q 1-0

[Event "Internet Section 14-A"]
[Site "Dos Hermanas"]
[Date "2003.03.14"]
[Round "7"]
[White "Milov, Vadim"]
[Black "Shipov, Sergei"]
[Result "1-0"]
[WhiteElo "2592"]
[BlackElo "2604"]
[PlyCount "143"]
[EventDate "2003.03.14"]
[EventType "swiss (blitz)"]
[EventRounds "9"]
[EventCountry "ESP"]
[SourceTitle "EXT 2004"]
[Source "ChessBase"]
[SourceDate "2003.11.25"]
[SourceVersion "1"]
[SourceVersionDate "2003.11.25"]
[SourceQuality "1"]

1. d4 Nf6 2. Bg5 d5 3. Bxf6 exf6 4. e3 Bd6 5. Nf3 O-O 6. Nbd2 c6 7. a3 f5 8. g3
Nd7 9. c4 Nf6 10. Bd3 Re8 11. O-O a5 12. c5 Bc7 13. b4 Ng4 14. b5 a4 15. Qc2
Qf6 16. b6 Bb8 17. Rfe1 Bd7 18. Bf1 Qh6 19. Bg2 Qh5 20. Rac1 Nf6 21. Nb1 Ne4
22. Nc3 g5 23. Qe2 Nxc3 24. Rxc3 f4 25. Qd2 fxg3 26. fxg3 f5 27. Qf2 h6 28. Rf1
Ra5 29. Rb1 Kh8 30. Bf1 f4 31. exf4 gxf4 32. Re1 Re4 33. Nh4 Qg5 34. Ng2 Rxe1
35. Nxe1 Kg7 36. Ng2 fxg3 37. hxg3 Ra8 38. Rf3 Be6 39. Re3 Qf6 40. Qd2 h5 41.
Be2 Qg5 42. Qc3 Bf5 43. Qe1 Be4 44. Qf2 Qg6 45. Nh4 Qg5 46. Ng2 Qg6 47. Bd1 Qg5
48. Qe1 h4 49. Nxh4 Bf4 50. Rxe4 dxe4 51. Qxe4 Qxg3+ 52. Ng2 Rf8 53. Bf3 Qh2+
54. Kf1 Qg3 55. Ke2 Bh6 56. Ne1 Qf4 57. Qxf4 Rxf4 58. Kd3 Kf7 59. d5 cxd5 60.
Bxd5+ Ke7 61. Bxb7 Bg7 62. Nc2 Rf5 63. Kc4 Rf4+ 64. Kb5 Rf2 65. Be4 Re2 66. Bd3
Rd2 67. Kc4 Be5 68. c6 Rd1 69. Nb4 Rc1+ 70. Kb5 Bd4 71. c7 Be5 72. Nc6+ 1-0

[Event "Istanbul ol (Men) 34th"]
[Site "Istanbul"]
[Date "2000.11.02"]
[Round "6.3"]
[White "Minasian, Artashes"]
[Black "Georgiev, Krum"]
[Result "1-0"]
[WhiteElo "2595"]
[BlackElo "2532"]
[Annotator "Tsesarsky,I"]
[PlyCount "59"]
[EventDate "2000.10.28"]
[EventType "team-swiss"]
[EventRounds "14"]
[EventCountry "TUR"]
[SourceTitle "EXT 2001"]
[Source "ChessBase"]
[SourceDate "2000.11.22"]
[SourceVersion "1"]
[SourceVersionDate "2000.11.22"]
[SourceQuality "1"]
[WhiteTeam "Armenia"]
[BlackTeam "Bulgaria"]
[WhiteTeamCountry "ARM"]
[BlackTeamCountry "BUL"]

1. d4 {Wells} Nf6 2. Bg5 c5 3. Bxf6 gxf6 4. d5 {The main idea of this
variation is to create doubled PP f in the camp of Black by B for N exchange.
It is difficult to reach opening advantage in this variation, but where is it
easy?} Qb6 5. Qc1 f5 6. g3 (6. c3 Bg7 7. g3 {-mainline} d6 8. Bg2 Nd7 9. Nh3
Nf6 10. Nd2 O-O 11. O-O e6 12. Nf4 $132) 6... e6 {This move is already novelty.
Here played various moves:} (6... Bg7 7. c3 {-mainline} d6 8. Bg2 (8. Bh3 e6 9.
Nf3 Nd7 10. Nbd2 Nf6 11. c4 $132 {0-1 Hodgson,J-Alterman,B/Pardubice 1993/CBM
37 (60)}) 8... Nd7 9. Nh3 Nf6 10. O-O O-O 11. Na3 (11. Nd2 e6 12. Nf4 $14 {
1-0 Adams,M-Lautier,J/Paris 1995/CBM 49 ext (38)}) 11... e6 12. Rd1 e5 13. Qc2
$14 {1/2-1/2 Dumitrescu,D-Rogozenko,D/Sovata 1997/EXT 2000 (33)}) (6... Bh6 7.
e3 Bg7 8. Nc3 Qa5 9. Qd2 d6 10. Nge2 Nd7 11. Nf4 Nf6 12. Bb5+ Kf8 13. Bd3 $14 {
1-0 Vyzmanavin,A-Gorelov,S/Moscow 1981/MCL (27)}) (6... d6 7. Bg2 Nd7 8. Nh3 {
see comments to the game 0-1 Ashley,M-Gurevich,I/New York 1994/CBM 43 (59) 
[Ftacnik,L]}) (6... h5 7. h4 (7. Nf3 Bh6 8. e3 d6 9. Bh3 Nd7 10. Bxf5 Ne5 11.
Nxe5 Bxf5 12. Nc4 $14 {0-1 Gocheva,R-Tzoumbas,A/Ano Liosia 1997/EXT 98 (34)})
7... Bg7 8. c3 Bh6 9. e3 e5 10. Ne2 Qg6 11. Bg2 d6 12. a4 $132 {0-1 Gerber,
R-Sher,M/Prague 1988/EXT 97 (60)}) (6... e5 7. Bg2 h5 8. c3 d6 9. Nd2 Nd7 10.
Qc2 Bh6 11. O-O-O Nf6 12. Kb1 Bd7 13. Ngf3 O-O-O 14. Nc4 Qa6 15. Ncxe5 dxe5 16.
Nxe5 Ng4 17. Nxd7 Rxd7 18. e3 $15 {0-1 Brady,S-Hall,J/IRL 1992/EXT 2000 (42)})
(6... f4 $6 7. gxf4 $14 (7. c3 fxg3 8. hxg3 d6 9. Nd2 Nd7 10. Qc2 Nf6 11. Bg2
$14 {1-0 Ionescu,D-Vlad,D/Odorheiu Secuiesc 1993/TD (46)})) (6... c4 7. Bg2 Na6
8. c3 h5 9. Nf3 Nc7 10. Na3 Nxd5 11. Nxc4 Qc5 12. Nce5 $14 {1-0 Lobron,
E-Polgar,J/Groningen 1993/CBM 39 (46)}) (6... Na6 7. Bg2 Nc7 (7... f4 $6 8. Nd2
(8. gxf4 $14) 8... Bh6 9. c3 Nc7 10. Qc2 Qa6 11. Nh3 fxg3 12. hxg3 d6 13. Ng1
$14 {1-0 Rogers,I-Baklan,V/Germany 1999/GER-chT (46)}) 8. Nh3 Qh6 9. Nf4 e5 10.
dxe6 fxe6 $132 {1-0 Yegiazarian,A-Gaprindashvili,V/Ubeda 1999/CBM 68 ext (51)})
(6... Qh6 7. e3 Bg7 8. c3 O-O 9. Qc2 e6 10. Bg2 Na6 11. Na3 Nc7 12. d6 Ne8 13.
Nc4 Rb8 14. a4 $14 {0-1 Jaracz,P-Malakhatko,V/Swidnica 1999/EXT 2000 (23)}) 7.
c4 {This continuation is not standard in this type of position. More popular
is to play c2-c3 - to short a1-h8 diagonal for Bg7. White hasn't black-squares
B, so Logic says, use PP for black squares struggle.} ({For example} 7. Bg2 Bg7
8. c3 {This structure we already saw in previous games with c2-c3.}) 7... Bg7 {
[%cal Gg7b2]} 8. Nc3 Qb4 {[%csl Rc3,Rc4]} (8... d6 $5 {[%cal Gb8d7,Gd7f6]}) 9.
e3 d6 10. a3 Qa5 (10... Qb3 11. Nf3 Nd7 12. Nd2 Qb6 13. Qc2 Ne5 14. Rb1 $14)
11. Nge2 Nd7 12. Nf4 Nb6 ({It was possible to equalize by} 12... Bxc3+ 13. bxc3
Nf6 (13... e5 14. Nh5 (14. Ne2 Nb6 {and White had to retreat} 15. Ng1) 14...
Rg8 15. f4 Rg6 $132) 14. Qc2 e5 (14... Rg8 $5 $132) 15. Ne2 Bd7 $11) 13. Qd2
Bxc3 14. bxc3 {Wells: 'White's pawns are structurally defined 'weaker', here
they are formally backward too. However, a weakness only really matters if it
can be attacked! Black's doubled pawns are relatively stable, but there is a
fatal flaw. The square in front of the pawns, so famous in the case of
isolated pawns, also matters here, because the positional cost of the move ...
e5 is so high. The coming moves reveal too that the weakest pawn on the board
is probably...well .. the one on d6!'} Bd7 (14... Rg8) 15. Be2 (15. Nh5 O-O-O
$132) 15... O-O-O 16. O-O h5 (16... e5 17. Nh5 Qa4 {[%csl Rc4]} 18. Qa2 {
[%cal Ga2c4]} Rhg8 19. f4 $132) 17. dxe6 Bxe6 (17... fxe6 18. Qxd6 $16) 18. Nd5
h4 19. Rfb1 Nxd5 $2 ({Much better was to take with B and to retain Nb6 to
protect} 19... Bxd5 20. cxd5 hxg3 21. hxg3 Qa4 $132) 20. cxd5 Bd7 21. a4 Rh6 {
[%cal Gd8h8]} 22. Bb5 $1 {White forces BB exchange and weakens black K
position.} Qc7 (22... hxg3 23. fxg3 Qc7 (23... Rdh8 24. Bxd7+ Kxd7 25. Rxb7+
$16) 24. Rb2 Rdh8 25. Qd3 $16) 23. Rb2 {[%cal Ga1b1,Gb2h2]} Rdh8 24. Qd3 $1 {
[%cal Gb2h2]} Kb8 $6 $18 {K goes directly to the white attack zone.} ({
Necessary was} 24... Kd8 25. Bxd7 Qxd7 26. Rab1 hxg3 27. fxg3 b6 (27... Qxa4
28. Rxb7 Rh5 29. Rxf7 $18) 28. a5 Ke7 (28... b5 29. Rxb5 Rxh2 30. Rb8+ Ke7 31.
R8b7 $18) 29. axb6 axb6 30. Rxb6 (30. Rf2 $16) 30... c4 31. Qxc4 Rxh2 32. Rb7
Rh1+ 33. Kf2 R8h2+ 34. Kf3 Rxb1 {and after} 35. Rxb1 $16 ({or} 35. Rxd7+ Kxd7
36. Qd3 $16 {Black has bad position.})) 25. Ba6 $1 Bc8 (25... b6 26. a5 hxg3
27. fxg3 $18) 26. Rab1 hxg3 27. fxg3 b6 28. a5 Bxa6 29. Qxa6 Qe7 30. Rxb6+ 1-0

[Event "Moscow Tal Memorial"]
[Site "Moscow"]
[Date "1992.??.??"]
[Round "?"]
[White "Minasian, Artashes"]
[Black "Glek, Igor Vladimirovich"]
[Result "1-0"]
[WhiteElo "2530"]
[BlackElo "2520"]
[PlyCount "77"]
[EventDate "1992.08.??"]
[EventType "swiss"]
[EventRounds "9"]
[EventCountry "RUS"]
[SourceTitle "EXT 1997"]
[Source "ChessBase"]
[SourceDate "1996.11.15"]
[SourceVersion "1"]
[SourceVersionDate "1996.11.15"]
[SourceQuality "1"]

1. d4 Nf6 2. Bg5 e6 3. e4 h6 4. Bxf6 Qxf6 5. Nc3 d6 6. Qd2 c6 7. f4 e5 8. dxe5
dxe5 9. f5 g6 10. Bd3 Nd7 11. Nge2 h5 12. O-O Bh6 13. Qe1 Qe7 14. Kh1 Nf6 15.
Ng1 g5 16. Rb1 g4 17. b4 h4 18. Be2 Be3 19. Rb3 Bd7 20. Nb1 Bd4 21. Bd1 O-O-O
22. c3 Bb6 23. Na3 Kb8 24. Nc4 Bc8 25. Nxb6 axb6 26. Qe3 Qd6 27. Qxb6 h3 28.
Ra3 hxg2+ 29. Kxg2 Qd2+ 30. Be2 Nd7 31. Qa7+ Kc7 32. Rf2 Rdg8 33. c4 Qh6 34.
Qe3 Qxh2+ 35. Kf1 Qh1 36. Rg2 g3 37. c5 Rh2 38. Bf3 Rxg2 39. Bxg2 1-0

[Event "Chess24 Banter Blitz Cup"]
[Site "chess24.com INT"]
[Date "2020.01.04"]
[Round "2.6"]
[White "Moiseenko, A1."]
[Black "Cheparinov, I."]
[Result "1-0"]
[WhiteElo "2635"]
[BlackElo "2670"]
[PlyCount "79"]
[EventDate "2019.09.25"]
[EventType "k.o. (blitz)"]
[EventRounds "7"]
[SourceTitle "The Week in Chess 1313"]
[Source "Mark Crowther"]
[SourceDate "2020.01.06"]
[SourceVersion "2"]
[SourceVersionDate "2020.01.14"]
[SourceQuality "2"]

1. d4 Nf6 2. Bg5 c5 3. Nc3 d5 4. e4 dxe4 5. dxc5 Qa5 6. Bb5+ Bd7 7. Bxf6 exf6
8. a4 a6 9. Bxd7+ Nxd7 10. Nge2 Nxc5 11. O-O Rd8 12. Qc1 Be7 13. Ng3 O-O 14.
Re1 Rfe8 15. Ncxe4 Nxe4 16. Rxe4 f5 17. Re1 Bf6 18. c3 g6 19. h3 Qd5 20. Nf1
Qd3 21. Rd1 Qxd1 22. Qxd1 Rxd1 23. Rxd1 Re2 24. Rd2 Re4 25. a5 Re5 26. b4 Re7
27. Rc2 Rc7 28. c4 f4 29. Nd2 Rd7 30. Kf1 Bd4 31. Ke2 Re7+ 32. Kf3 g5 33. c5
Re6 34. Nb3 Bf6 35. c6 bxc6 36. Nc5 Re7 37. Nxa6 Rd7 38. Rxc6 Rd3+ 39. Ke4 Rb3
40. Rxf6 1-0

[Event "Corsican Circuit Final"]
[Site "Bastia FRA"]
[Date "2018.10.21"]
[Round "1.3"]
[White "Moiseenko, A1."]
[Black "Smirin, I."]
[Result "1-0"]
[WhiteElo "2648"]
[BlackElo "2594"]
[PlyCount "31"]
[EventDate "2018.10.21"]
[EventType "k.o. (rapid)"]
[EventRounds "5"]
[EventCountry "FRA"]
[SourceTitle "The Week in Chess 1250"]
[Source "Mark Crowther"]
[SourceDate "2018.10.22"]
[SourceVersion "2"]
[SourceVersionDate "2018.10.26"]
[SourceQuality "2"]

1. d4 Nf6 2. Bg5 d5 3. e3 Bf5 4. Bxf6 gxf6 5. Nf3 c6 6. Bd3 Bg4 7. Nbd2 Nd7 8.
c4 e6 9. O-O Bd6 10. Qb3 Rb8 11. cxd5 cxd5 12. h3 Bh5 13. e4 dxe4 14. Nxe4 Bf4
15. Bb5 Bg6 16. Nc5 1-0

[Event "Corsican Circuit Final"]
[Site "Bastia FRA"]
[Date "2018.10.21"]
[Round "1.1"]
[White "Moiseenko, A1."]
[Black "Smirin, I."]
[Result "1-0"]
[WhiteElo "2648"]
[BlackElo "2594"]
[PlyCount "93"]
[EventDate "2018.10.21"]
[EventType "k.o. (rapid)"]
[EventRounds "5"]
[EventCountry "FRA"]
[SourceTitle "The Week in Chess 1250"]
[Source "Mark Crowther"]
[SourceDate "2018.10.22"]
[SourceVersion "2"]
[SourceVersionDate "2018.10.26"]
[SourceQuality "2"]

1. d4 Nf6 2. Bg5 c5 3. Nc3 cxd4 4. Qxd4 Nc6 5. Qh4 b5 6. e4 b4 7. Nd5 Qa5 8.
Bc4 Nxd5 9. exd5 Ne5 10. Bb3 Ng6 11. Qg3 Bb7 12. O-O-O Rc8 13. Nf3 e6 14. Rhe1
Bc5 15. h4 O-O 16. h5 Ne7 17. Bxe7 Bxe7 18. h6 g6 19. Qe5 f6 20. Qe2 Ba6 21.
Qe4 Bb7 22. Qe2 Ba6 23. Qe4 Bb7 24. Qd3 Ba6 25. Qd2 Bc4 26. Bxc4 Rxc4 27. Kb1
e5 28. d6 Bd8 29. Qd3 Qc5 30. Nd2 Rd4 31. Qb3+ Kh8 32. Ne4 Qb6 33. f3 f5 34.
Ng3 Bh4 35. Qe3 Bxg3 36. Qg5 Qxd6 37. Rxd4 exd4 38. Re7 Bf4 39. Qh4 g5 40. Qe1
Be3 41. Rg7 Qxh6 42. Rxd7 Qc6 43. Rxa7 Rc8 44. Qd1 Qc4 45. Rd7 Ra8 46. b3 Qc3
47. Qh1 1-0

[Event "Corsica Masters KO 20th"]
[Site "Bastia"]
[Date "2016.10.27"]
[Round "1.1"]
[White "Moiseenko, Alexander"]
[Black "Gledura, Benjamin"]
[Result "1-0"]
[WhiteElo "2648"]
[BlackElo "2585"]
[PlyCount "65"]
[EventDate "2016.10.27"]
[EventType "k.o. (rapid)"]
[EventRounds "4"]
[EventCountry "FRA"]
[SourceTitle "EXT 2018"]
[Source "ChessBase"]
[SourceDate "2017.10.13"]
[SourceVersion "1"]
[SourceVersionDate "2017.10.13"]
[SourceQuality "1"]

1. d4 Nf6 2. Bg5 d5 3. e3 c5 4. Bxf6 gxf6 5. dxc5 Qa5+ 6. Nd2 e6 7. Ngf3 Qb4 8.
c4 Bxc5 9. cxd5 O-O 10. Qc2 Bd7 11. a3 Qa5 12. Bd3 Rc8 13. Qc4 Bf8 14. Qh4 f5
15. dxe6 fxe6 16. O-O Bg7 17. Nc4 Qd8 18. Qg3 Ba4 19. Nce5 Nc6 20. Bc4 Nxe5 21.
Nxe5 Qe7 22. b3 Bc6 23. Rad1 Kh8 24. a4 Be8 25. Rd6 Rxc4 26. Nxc4 Bc6 27. Ne5
Bd5 28. Rd7 Qf6 29. f4 Rc8 30. h3 h5 31. Qg6 Qxg6 32. Nxg6+ Kh7 33. Ne7 1-0

[Event "Wch Rapid"]
[Site "Doha"]
[Date "2016.12.27"]
[Round "7"]
[White "Moiseenko, Alexander"]
[Black "Tari, Aryan"]
[Result "1-0"]
[WhiteElo "2657"]
[BlackElo "2584"]
[PlyCount "119"]
[EventDate "2016.12.26"]
[EventType "swiss (rapid)"]
[EventRounds "15"]
[EventCountry "QAT"]
[SourceTitle "CBM 176"]
[Source "ChessBase"]
[SourceDate "2017.01.17"]
[SourceVersion "1"]
[SourceVersionDate "2017.01.17"]
[SourceQuality "1"]

1. d4 Nf6 2. Bg5 Ne4 3. Bf4 d5 4. f3 Nf6 5. e4 e6 6. e5 Nfd7 7. Be3 c5 8. c3
Nc6 9. f4 Qb6 10. Qd2 Be7 11. Nf3 O-O 12. Bd3 f5 13. h3 a6 14. g4 Qc7 15. gxf5
exf5 16. Rg1 cxd4 17. cxd4 Nb4 18. Nc3 Nxd3+ 19. Qxd3 Nb6 20. Rc1 Qd8 21. Rc2
Be6 22. Rcg2 Rf7 23. Ng5 Bxg5 24. Rxg5 Nd7 25. Bf2 b5 26. Bh4 Qf8 27. Kf1 Rc8
28. Kg2 Qb4 29. Kh1 Nf8 30. R5g2 Qc4 31. Qe3 Rcc7 32. a3 Bc8 33. Bf2 Rc6 34. h4
Rg6 35. Rxg6 Nxg6 36. Rc1 Be6 37. Ne2 Qa4 38. Be1 b4 39. h5 Nf8 40. Bxb4 Qe8
41. Bxf8 Rxf8 42. Ng3 Qb5 43. b4 Rc8 44. Rxc8+ Bxc8 45. Kg2 h6 46. e6 Qe8 47.
Nxf5 Bxe6 48. Qe5 Qd7 49. Ne3 Bf7 50. Kg3 Be6 51. a4 Bf7 52. b5 axb5 53. axb5
Qb7 54. Nf5 Bxh5 55. b6 Be2 56. Qxg7+ Qxg7+ 57. Nxg7 Ba6 58. Nf5 Kf7 59. Nxh6+
Ke6 60. f5+ 1-0

[Event "Wch Blitz"]
[Site "Doha"]
[Date "2016.12.29"]
[Round "3"]
[White "Moiseenko, Alexander"]
[Black "Tari, Aryan"]
[Result "1-0"]
[WhiteElo "2657"]
[BlackElo "2584"]
[PlyCount "71"]
[EventDate "2016.12.29"]
[EventType "swiss (blitz)"]
[EventRounds "21"]
[EventCountry "QAT"]
[SourceTitle "CBM 176 Extra"]
[Source "ChessBase"]
[SourceDate "2017.03.02"]
[SourceVersion "1"]
[SourceVersionDate "2017.03.02"]
[SourceQuality "1"]

1. d4 Nf6 2. Bg5 Ne4 3. Bf4 d5 4. f3 Nf6 5. e4 e6 6. e5 Nfd7 7. Be3 c5 8. c3
Nc6 9. f4 Qb6 10. Qd2 Be7 11. Nf3 O-O 12. Bd3 f5 13. O-O a6 14. Kh1 Qc7 15. Rg1
b5 16. g4 g6 17. gxf5 exf5 18. h4 cxd4 19. cxd4 Nb6 20. h5 Kf7 21. Nc3 Be6 22.
Qg2 Rg8 23. Rac1 Nc4 24. Nd1 Qb6 25. b3 Nxe3 26. Nxe3 Nxd4 27. Nxd5 Qb7 28.
Ng5+ Bxg5 29. Rc7+ Qxc7 30. Nxc7 Bxf4 31. Nxa8 Bxe5 32. Nb6 g5 33. Re1 Kf6 34.
Nd5+ Bxd5 35. Qxd5 Re8 36. Rxe5 1-0